ნორმალური ფორმატი
MARC ფორმატი
ჩანაწერი Corporate Name
ჩანაწერთა რაოდენობა, რომელიც გამოყენებულია: 1
001 - CONTROL NUMBER
- control field: 4904
003 - CONTROL NUMBER IDENTIFIER
- control field: GE_BSU
005 - DATE AND TIME OF LATEST TRANSACTION
- control field: 20191021151801.0
008 - FIXED-LENGTH DATA ELEMENTS
- fixed length control field: 191021|| aca||aabn | a|a d
040 ## - CATALOGING SOURCE
- Original cataloging agency: GE_BSU
- Transcribing agency: GE_BSU
110 ## - HEADING--CORPORATE NAME
- Corporate name or jurisdiction name as entry element: Батумский Гос. Университет Ш. Руставели.
- Subordinate unit: Факультет гуманитарных наук ;
670 ## - SOURCE DATA FOUND
- Source citation: Work cat.: (GE_BSU)38499: Инновационные аспекты исследования культуры, истории, антропологии, литературы и лингвистики стран Черноморского бассейна
